BIBLIOTECA PODER JUDICIAL
Portal Judicial TDF

La denuncia de ilegitimidad y la acción de indemnización después de la Ley de Bases / (Registro nro. 6295)

000 -LEADER
fixed length control field 01104nabaa22001937a 4500
003 - CONTROL NUMBER IDENTIFIER
control field OSt
005 - DATE AND TIME OF LATEST TRANSACTION
control field 20260129014503.0
008 - FIXED-LENGTH DATA ELEMENTS--GENERAL INFORMATION
fixed length control field 190701b xxu||||| |||| 00| 0 spa d
040 ## - CATALOGING SOURCE
Transcribing agency PJ
100 ## - MAIN ENTRY--PERSONAL NAME
9 (RLIN) 334
Personal name Mairal, Héctor A.
245 13 - TITLE STATEMENT
Title La denuncia de ilegitimidad y la acción de indemnización después de la Ley de Bases /
Statement of responsibility, etc Héctor A. Mairal.
300 ## - PHYSICAL DESCRIPTION
Extent p. 8-18
500 ## - GENERAL NOTE
General note Cita: TR LALEY AR/DOC/807/2025
505 ## - FORMATTED CONTENTS NOTE
Formatted contents note Sumario: I. Introducción.— II. El régimen de los plazos de caducidad de la LPA. — III. La reformas introducidas por la Ley de Bases.— IV. El verdadero significado del agotamiento de la vía administrativa.— V. La obligación de revocar el acto afectado de nulidad absoluta.— VI. La pérdida de la acción de daños en 30 días.— VII. La solución que corresponde.
505 ## - FORMATTED CONTENTS NOTE
Title ¿Te interesa el texto completo? Comunicate al correo: koha@justierradelfuego.gov.ar
650 #0 - SUBJECT ADDED ENTRY--TOPICAL TERM
9 (RLIN) 211
Topical term or geographic name as entry element DERECHO ADMINISTRATIVO
773 0# - HOST ITEM ENTRY
Host Biblionumber 2842
Host Itemnumber 3251
Place, publisher, and date of publication Buenos Aires : AbeledoPerrot, 2012-
Other item identifier DA121
Title Derecho administrativo. Nº 159 mayo/junio 2025
International Standard Book Number 18510590
942 ## - ADDED ENTRY ELEMENTS (KOHA)
Source of classification or shelving scheme
Koha item type Analítica Artículo de Revista

No hay ítems disponibles.

12 de Octubre 789 Ushuaia - Tel:  54(02901)441571
Horario de Atención: 8.00 a 17.00 hs. 
bibliotecaush@justierradelfuego.gov.ar
koha@justierradelfuego.gov.ar
Seguinos en nuestras redes @bibliojustdf 

Con tecnología Koha